Common butterflies of Vietnam : Field guide

This is first illustrated field guide to butterflies of Vietnam. It contains information about the 105 most common, easily observed and widespread species.

שמור ב:
מידע ביבליוגרפי
פורמט: ספר
שפה:Undetermined
יצא לאור: Vietnam Royal 2002
נושאים:
תגים: הוספת תג
אין תגיות, היה/י הראשונ/ה לתייג את הרשומה!
Thư viện lưu trữ: Trung tâm Học liệu Trường Đại học Cần Thơ
LEADER 00627nam a2200193Ia 4500
001 CTU_141863
008 210402s9999 xx 000 0 und d
082 |a 595.789 
082 |b C734 
245 0 |a Common butterflies of Vietnam : 
245 0 |b Field guide 
260 |a Vietnam 
260 |b Royal 
260 |c 2002 
520 |a This is first illustrated field guide to butterflies of Vietnam. It contains information about the 105 most common, easily observed and widespread species. 
650 |a Butterflies 
650 |z Vietnam 
904 |i Bạch Trúc 
980 |a Trung tâm Học liệu Trường Đại học Cần Thơ